00828nam a2200253Ia 4500001000900000003000500009005001700014008004100031010001100072040000900083082001400092100003200106245008600138260003500224300001000259650003400269650003200303901001400335902000600349905006300355942001500418999001900433952012200452dia_2745CHAP20251027154139.0220117s1978 xx 000 0 und d a173240 cCHAP a664.07 C4 aCharalambous, George921948 aAnalysis of Foods and bBeverages, Headspace Tecniques /c by George Charalambous aNew york, Academic Pressc1978 a394P. aAlimentosxanálisis 94164 0aBebidasxAnálisis9153404 a664.07 C4 aM a0000001978 NEW 0000000000ING00 cLIBRO2ddc c173240d173240 00102ddc40708GRALaIA_bIA_c1d2022-01-18f1l1pdia_1976r2023-03-28 00:00:00s2023-03-28t1w2022-01-18yLIBRO